书目信息 |
| 题名: |
伟大的开端
|
|
| 作者: | 李新 , 陈铁健 主编 | |
| 分册: | ||
| 出版信息: | 上海 上海人民出版社 [1983] |
|
| 页数: | 736页 | |
| 开本: | 20cm | |
| 丛书名: | ||
| 单 册: | ||
| 中图分类: | K261 , K26 | |
| 科图分类: | ||
| 主题词: | 新民主主义革命--历史--中国 | |
| 电子资源: | ||
| ISBN: | ||
| 000 | 00733nam0 2200253 450 | |
| 001 | 1539303120 | |
| 005 | 20150122105535.35 | |
| 010 | @dCNY3.00 | |
| 091 | @a11190.106@dCNY3.00 | |
| 100 | @a20060720f19001999em y0chiy0121 ea | |
| 101 | 0 | @achi |
| 102 | @aCN@b310000 | |
| 105 | @ay z 000yy | |
| 200 | 1 | @a伟大的开端@9wei da de kai duan@e1919-1923@f李 新,陈铁健主编 |
| 210 | @a上海@c上海人民出版社@d[1983] | |
| 215 | @a736页@d20cm | |
| 330 | @a本书介绍了五四运动、中国共产党的建立、中国工人运动的第一次高潮。 | |
| 606 | 0 | @a新民主主义革命@x历史@y中国 |
| 690 | @aK261@v5 | |
| 690 | @aK26@v4 | |
| 701 | 0 | @a李新@9li xin@4主编 |
| 701 | 0 | @a陈铁健@9chen tie jian@4主编 |
| 801 | 0 | @aCN@bTSSF@c20150122 |
| 905 | @aZUCC@dK26@eJY7 | |
| 伟大的开端:1919-1923/李 新,陈铁健主编.-上海:上海人民出版社,[1983] |
| 736页;20cm |
| ISBN :CNY3.00 |
| 本书介绍了五四运动、中国共产党的建立、中国工人运动的第一次高潮。 |
| ● |
| 相关链接 |
|
|
|
|
正题名:伟大的开端
索取号:K26/JY7
 
预约/预借
| 序号 | 登录号 | 条形码 | 馆藏地/架位号 | 状态 | 备注 |
| 1 | 7855687 | 278556876 | 学院路分馆/ [索取号:K26/JY7] | 在馆 |